000 00424nam a2200193Ia 4500
008 151119s9999||||xx |||||||||||||| ||und||
082 _a820
082 _bGKKV31418
100 _aSHARMA ROBIN
245 _aLEADERSHIP WISDOM
260 _a--
260 _b--
260 _c0
600 _aSHARMA ROBIN
630 _aLEADERSHIP WISDOM
700 _aSHARMA ROBIN
730 _aLEADERSHIP WISDOM
942 _cBOOK
999 _c1083735
_d1083732